<?xml version="1.0" encoding="UTF-8"?>
<collection xmlns="http://www.loc.gov/MARC21/slim">
<record>
  <controlfield tag="001">84352</controlfield>
  <controlfield tag="005">20230926093529.0</controlfield>
  <datafield tag="024" ind1="7" ind2=" ">
    <subfield code="2">doi</subfield>
    <subfield code="a">10.9734/ejmp/2019/v28i330137</subfield>
  </datafield>
  <datafield tag="024" ind1="8" ind2=" ">
    <subfield code="2">sideral</subfield>
    <subfield code="a">113269</subfield>
  </datafield>
  <datafield tag="037" ind1=" " ind2=" ">
    <subfield code="a">ART-2019-113269</subfield>
  </datafield>
  <datafield tag="041" ind1=" " ind2=" ">
    <subfield code="a">eng</subfield>
  </datafield>
  <datafield tag="100" ind1=" " ind2=" ">
    <subfield code="a">Kumar Sahu, Yaman</subfield>
  </datafield>
  <datafield tag="245" ind1=" " ind2=" ">
    <subfield code="a">Characterization of polyphenols and mineral contents in three medicinal weeds</subfield>
  </datafield>
  <datafield tag="260" ind1=" " ind2=" ">
    <subfield code="c">2019</subfield>
  </datafield>
  <datafield tag="506" ind1="0" ind2=" ">
    <subfield code="a">Access copy available to the general public</subfield>
    <subfield code="f">Unrestricted</subfield>
  </datafield>
  <datafield tag="520" ind1="3" ind2=" ">
    <subfield code="a">Aims: Common weeds Rorippa palustris (L.) Besser, Euphorbia rothiana Spreng. and Schoenoplectiella articulata (L.) Lye are used for food, medicinal, green biofertilizer and biosorbent applications. In this work, their polyphenol and mineral contents have been characterized. Methodology: Samples from aforementioned three plants were manually collected in Raipur city (CG, India) and processed for the analyses. Folin-Ciocalteu and aluminum chloride were used for the spectrophotometric determination of polyphenols. The mineral contents were quantified by X-ray fluorescence. Results: The total concentration of 20 elements (viz. P, S, Cl, As, Se, K, Rb, Mg, Ca, Sr, Ba, Al, Ti, Cr, Mn, Fe, Co, Zn, Mo and Pb), total polyphenol and flavonoid contents in the leaves ranged from 46372 to 71501, from 47877 to 73791 and from 1950 to 9400 mg/kg, respectively. Remarkable concentrations of several nutrients (P, S, Cl, K, Mg, Ca and Fe) were observed. Conclusion: The biomass from medicinal weeds R. palustris, E. rothiana and S. articulata featured very high K, Ca and Fe contents. Other nutrients (polyphenols, flavonoids, P, S, Cl and Mg) were identified at moderate levels. These species may hold promise as bioindicators.</subfield>
  </datafield>
  <datafield tag="540" ind1=" " ind2=" ">
    <subfield code="9">info:eu-repo/semantics/openAccess</subfield>
    <subfield code="a">by</subfield>
    <subfield code="u">http://creativecommons.org/licenses/by/3.0/es/</subfield>
  </datafield>
  <datafield tag="655" ind1=" " ind2="4">
    <subfield code="a">info:eu-repo/semantics/article</subfield>
    <subfield code="v">info:eu-repo/semantics/publishedVersion</subfield>
  </datafield>
  <datafield tag="700" ind1=" " ind2=" ">
    <subfield code="a">Patel, Khageshwar S.</subfield>
  </datafield>
  <datafield tag="700" ind1=" " ind2=" ">
    <subfield code="a">Martín Ramos, Pablo</subfield>
    <subfield code="u">Universidad de Zaragoza</subfield>
    <subfield code="0">(orcid)0000-0003-2713-2786</subfield>
  </datafield>
  <datafield tag="700" ind1=" " ind2=" ">
    <subfield code="a">Towett, Erick K.</subfield>
  </datafield>
  <datafield tag="710" ind1="2" ind2=" ">
    <subfield code="1">5011</subfield>
    <subfield code="2">500</subfield>
    <subfield code="a">Universidad de Zaragoza</subfield>
    <subfield code="b">Dpto. CC.Agrar.y Medio Natural</subfield>
    <subfield code="c">Area Ingeniería Agroforestal</subfield>
  </datafield>
  <datafield tag="773" ind1=" " ind2=" ">
    <subfield code="g">28, 3 (2019), 1-8</subfield>
    <subfield code="p">European j. med. plants</subfield>
    <subfield code="t">European journal of medicinal plants</subfield>
    <subfield code="x">2231-0894</subfield>
  </datafield>
  <datafield tag="856" ind1="4" ind2=" ">
    <subfield code="s">287745</subfield>
    <subfield code="u">http://zaguan.unizar.es/record/84352/files/texto_completo.pdf</subfield>
    <subfield code="y">Versión publicada</subfield>
  </datafield>
  <datafield tag="856" ind1="4" ind2=" ">
    <subfield code="s">74618</subfield>
    <subfield code="u">http://zaguan.unizar.es/record/84352/files/texto_completo.jpg?subformat=icon</subfield>
    <subfield code="x">icon</subfield>
    <subfield code="y">Versión publicada</subfield>
  </datafield>
  <datafield tag="909" ind1="C" ind2="O">
    <subfield code="o">oai:zaguan.unizar.es:84352</subfield>
    <subfield code="p">articulos</subfield>
    <subfield code="p">driver</subfield>
  </datafield>
  <datafield tag="951" ind1=" " ind2=" ">
    <subfield code="a">2023-09-26-09:29:46</subfield>
  </datafield>
  <datafield tag="980" ind1=" " ind2=" ">
    <subfield code="a">ARTICLE</subfield>
  </datafield>
</record>
</collection>